Maternal and neonatal outcome on instrumental delivery
Saved in:
| Corporate Author: | |
|---|---|
| Format: | Book |
| Published: |
1999
|
| Online Access: | Visit NHRC Library |
| Tags: |
Add Tag
No Tags, Be the first to tag this record!
|
| LEADER | 00541nam a22001337a 4500 | ||
|---|---|---|---|
| 110 | |a Maternity Hospital |9 349 | ||
| 245 | |a Maternal and neonatal outcome on instrumental delivery | ||
| 260 | |c 1999 | ||
| 300 | |a 14p. ; | ||
| 500 | |a Research report | ||
| 856 | |u http://nhrc.org.np/index.php?option=com_content&view=article&id=48&Itemid=53 |y Visit NHRC Library | ||
| 942 | |2 NLM |c RR | ||
| 952 | |0 0 |1 0 |2 NLM |4 0 |6 RES_208_000000000000000_MAT_1999 |7 0 |8 REF |9 976 |a NHRC |b NHRC |c REF |d 2012-11-08 |l 0 |o RES 208/MAT/1999 |p RES-00208 |r 2012-11-08 |w 2012-11-08 |y RR | ||
| 999 | |c 942 |d 942 | ||